| 000 | 00931nam a22002297a 4500 | ||
|---|---|---|---|
| 999 |
_c9778 _d9778 |
||
| 003 | AR-CdUCM | ||
| 008 | 190328b ||||| |||| 00| 0 spa d | ||
| 040 |
_aMUNICIPALIDAD PROVINCIAL DEL CUSCO _cBIBLIOTECA MUNICIPAL DEL CUSCO |
||
| 082 |
_22ed. _a129.36 / _bK48 / 1935 |
||
| 100 |
_aKeyserling,Conde Hermann de _926216 |
||
| 245 | _aLa revolución mundial y la responsabilidad del espíritu / | ||
| 260 |
_aSantiago de Chile : _bErcilla, _c1935. |
||
| 300 |
_a141 páginas ; _c21 cm. |
||
| 505 | _aContenido: La revolución de las fuerzas telúricas y las responsabilidades del espíritu -- Humanidad y naciones -- De la interdependencia de los mundos -- La revolución mundial. | ||
| 650 |
_aCultura occidental _97532 |
||
| 650 |
_aRevoluciones _9627 |
||
| 650 |
_aEspíritu _925382 |
||
| 700 |
_aSan Martín, Gonzalo (tradución) _926217 |
||
| 700 |
_aValéry, Paul (prólogo) _926218 |
||
| 942 |
_2ddc _cLIBROS |
||
| 945 | _aachl | ||